<?xml version="1.0" encoding="UTF-8"?>
<marc:record xmlns:marc="http://www.loc.gov/MARC21/slim">
   <marc:leader>00000nam a2200000 a 4500</marc:leader>
   <marc:datafield ind1="1" ind2=" " tag="100">
      <marc:subfield code="a">Rothfuss, Patrick</marc:subfield>
      <marc:subfield code="4">aut</marc:subfield>
      <marc:subfield code="e">Verfasser/-in</marc:subfield>
   </marc:datafield>
   <marc:datafield ind1="0" ind2="0" tag="245">
      <marc:subfield code="a">Der Name des Windes</marc:subfield>
   </marc:datafield>
   <marc:datafield ind1="0" ind2="0" tag="245">
      <marc:subfield code="b">Erster Tag</marc:subfield>
   </marc:datafield>
   <marc:datafield ind1=" " ind2="1" tag="264">
      <marc:subfield code="b">Hobbit Presse</marc:subfield>
      <marc:subfield code="c">2018</marc:subfield>
   </marc:datafield>
   <marc:datafield ind1="1" ind2=" " tag="490">
      <marc:subfield code="a">Die Königsmörder-Chronik</marc:subfield>
   </marc:datafield>
   <marc:datafield ind1="1" ind2=" " tag="520">
      <marc:subfield code="a">Quelle: bn.bibliotheksnachrichten (http://www.biblio.at/literatur/bn/index.html);  Autor: Michael Wildauer;  Gigantisches Fantasy-Epos. (DR) Es beginnt wie in einem Italo-Western: Ein Wirt in einer Dorfschenke poliert die Gläser und bewirtet die wenigen Gäste. Die Zeiten sind ungewöhnlich, seltsame Dinge passieren, manche Zeitgenossen berichten von Dämonen. Aber kennt man das nicht nur aus Märchen und Sagen? Doch plötzlich dringt das Mystische in die Welt des kleinen Dorfes und der neue Wirt dürfte auch mehr als ein einfacher Gastronom sein. Ein neuer Gast bringt ihn zum Reden. Rothfuss nimmt die Rahmenhandlung geschickt als Möglichkeit, die übliche Schnitzeljagd quer durch alle Länder, wie sie seit "Der Herr der Ringe" in diesem Genre so beliebt ist, zu vermeiden und die Leserschaft trotzdem in Dauerspannung zu versetzen. Von einem König ist in diesem ersten Band der Königsmörder-Chronik noch keine Rede, der Drache ist auch anders als üblich, Zwerge wird man keine finden und die Magier sind nicht allmächtig. Rothfuss schafft ein originelles Universum für seine Charaktere, die Universität der Magier wirkt wie Hogwarts für ältere LeserInnen und die 860 Seiten sind im Nu ausgelesen. Zum Glück gibt es noch weitere Bände. Die Chronik gilt jetzt schon als Klassiker der Fantasy-Literatur. Bibliotheken, die den Band noch nicht eingestellt haben, sollten das unbedingt nachholen!</marc:subfield>
   </marc:datafield>
   <marc:datafield ind1=" " ind2=" " tag="020">
      <marc:subfield code="a">9783608938159</marc:subfield>
      <marc:subfield code="9">9783608938159</marc:subfield>
   </marc:datafield>
</marc:record>
